000 00538nam a2200229 a 4500
001 0001-1414
003 ELIB.Books
008 160805 2010 eng
020 _aKBTS
035 _a(ELIB.Books)0001-1569
092 _a301.42
_bEll
100 _aEllis, Gwen.
245 _aLove Everlasting
260 _aChina
_bGifts Books
_c1999
300 _a208
_c18.5 Cm
650 _aLove-Marriage
856 _nKBTS Library
_uKBTS: ELIB
942 _2ddc
_cBK
990 _a1
998 _cbat
_e2016-08-05
999 _c11414
_d11414